Poe’s heart and the mountain climber : Exploring the effect of anxiety on our brains and our culture

Kaydedildi:
Detaylı Bibliyografya
Yazar: Restak, Richard M.
Materyal Türü: Kitap
Dil:Undetermined
Baskı/Yayın Bilgisi: New York Random House Audio 2004
Konular:
Etiketler: Etiketle
Etiket eklenmemiş, İlk siz ekleyin!
Thư viện lưu trữ: Trung tâm Học liệu Trường Đại học Cần Thơ
LEADER 00597nam a2200205Ia 4500
001 CTU_139610
008 210402s9999 xx 000 0 und d
020 |c 6.9 
082 |a 152.46 
082 |b R436/CD.1 
100 |a Restak, Richard M. 
245 0 |a Poe’s heart and the mountain climber : 
245 0 |b Exploring the effect of anxiety on our brains and our culture 
245 0 |c Richard Restak 
260 |a New York 
260 |b Random House Audio 
260 |c 2004 
650 |a Anxiety,Lo âu 
904 |i Duy Bằng 
980 |a Trung tâm Học liệu Trường Đại học Cần Thơ